[Event "Let's Play Chess!"]
[Site "http://www.queenalice.com/game.php?id=537566"]
[Date "2009.2.9"]
[Round "-"]
[White "CampbellMarcel"]
[Black "Otsuaf"]
[Result "0-1"]
[WhiteElo "1742"]
[BlackElo "1895"]

1. e4 c5 2. Nf3 d6 3. d4 cxd4 4. Nxd4 Nf6 5. f3 g6 6. Bd3 Nc6 7. Nb3 Bg7 8. c3
d5 9. N1d2 O-O 10. O-O e5 11. Re1 Qc7 12. exd5 Nxd5 13. Ne4 Nce7 14. c4 Nb4 15.
c5 Rd8 16. Re3 Nf5 17. a3 Nxe3 0-1

[Event "Let's Play Chess!"]
[Site "http://www.queenalice.com/game.php?id=540067"]
[Date "2009.2.14"]
[Round "-"]
[White "Otsuaf"]
[Black "johnson_PEBR"]
[Result "1-0"]
[WhiteElo "1882"]
[BlackElo "1770"]

1. d4 Nf6 2. c4 d5 3. g3 c5 4. dxc5 d4 5. Nf3 Nc6 6. Bg2 e5 7. Qa4 Bd7 8. b4 e4
9. Ng5 Ne5 10. Qc2 d3 11. Qc3 Qe7 12. Bf4 Ng6 13. Bd6 Qd8 14. Nxe4 Nxe4 15. Bxe4
Bxd6 16. cxd6 dxe2 17. Bxg6 hxg6 18. Qxg7 Rf8 19. Qe5+ Be6 20. Nc3 Qb6 21. Nd5
Qc6 22. b5 Qxc4 23. Qf6 1-0

[Event "Challenge"]
[Site "http://www.queenalice.com/game.php?id=540132"]
[Date "2009.2.14"]
[Round "-"]
[White "roda"]
[Black "Otsuaf"]
[Result "0-1"]
[WhiteElo "1991"]
[BlackElo "1925"]

1. e4 c5 2. c4 Nc6 3. Nc3 Nf6 4. Nf3 d6 5. Bd3 g6 6. O-O Bg7 7. a3 O-O 8. h3 e6
9. Bc2 Nd7 10. d4 Nxd4 11. Nxd4 cxd4 12. Nb5 Qb6 13. Rb1 a6 14. Nxd6 Qxd6 15. b4
b6 16. Qf3 Bb7 17. Qb3 Rac8 18. Bb2 e5 19. a4 Qe6 20. Bd3 b5 21. Rfc1 Nb6 22.
axb5 axb5 23. Qa3 bxc4 24. Be2 Bxe4 25. Ra1 c3 26. Bxc3 dxc3 27. Rxc3 Rxc3 28.
Qxc3 Bb7 29. Qc7 Qc6 30. Qxc6 Bxc6 31. Ra6 Rb8 32. b5 Bd5 0-1

[Event "Challenge"]
[Site "http://www.queenalice.com/game.php?id=540133"]
[Date "2009.2.14"]
[Round "-"]
[White "Otsuaf"]
[Black "roda"]
[Result "1-0"]
[WhiteElo "1905"]
[BlackElo "1989"]

1. d4 d5 2. c4 b6 3. Nc3 Bb7 4. cxd5 Bxd5 5. e4 Bb7 6. Nf3 Nf6 7. e5 Nd5 8. e6
f6 9. Bc4 Na6 10. Qa4+ c6 11. Bxa6 Nxc3 12. bxc3 b5 13. Bxb7 Qc7 14. Qa6 Rb8 15.
Qxc6+ Kd8 16. Qxc7+ Kxc7 17. Be4 g5 18. d5 Bg7 19. Bd2 Kd6 20. Nd4 Rhg8 21. f3
Rb7 22. Kf2 Rd7 23. exd7 1-0

[Event "Let's Play Chess!"]
[Site "http://www.queenalice.com/game.php?id=546302"]
[Date "2009.2.25"]
[Round "-"]
[White "Otsuaf"]
[Black "technicaldraw"]
[Result "1-0"]
[WhiteElo "1944"]
[BlackElo "1868"]

1. d4 Nf6 2. Nf3 g6 3. Bg5 Bg7 4. Nbd2 O-O 5. c4 d5 6. cxd5 Qxd5 7. e3 Bg4 8.
Bc4 Qxg5 9. Nxg5 Bxd1 10. Rxd1 Nbd7 11. Nge4 Nxe4 12. Nxe4 a6 13. Rd2 Nb6 14.
Bb3 Rad8 15. Nc5 Rb8 16. Ke2 Rfd8 17. Rhd1 Nd7 18. g4 Nxc5 19. dxc5 Rxd2+ 20.
Rxd2 Kf8 21. f4 Ke8 22. e4 e5 23. f5 f6 24. Be6 Rd8 25. Bf7+ Ke7 26. Rxd8 Kxd8
27. fxg6 hxg6 28. Bxg6 Bh6 29. Kd3 Kd7 30. b4 b6 31. h4 bxc5 32. bxc5 Kc6 33.
Kc4 Bf8 34. Be8+ Kb7 35. c6+ Kb6 36. Kd5 1-0

[Event "Let's Play Chess!"]
[Site "http://www.queenalice.com/game.php?id=552081"]
[Date "2009.3.7"]
[Round "-"]
[White "cockroach"]
[Black "Otsuaf"]
[Result "0-1"]
[WhiteElo "1830"]
[BlackElo "1957"]

1. e4 e6 2. d4 d5 3. Nc3 Bb4 4. e5 c5 5. a3 Bxc3+ 6. bxc3 Ne7 7. Qg4 O-O 8. Bd3
Nf5 9. Nf3 c4 10. Be2 Qa5 11. Bd2 Nc6 12. h4 f6 13. h5 fxe5 14. h6 g6 15. dxe5
Bd7 16. O-O a6 17. Rfb1 Qc7 18. Bf4 b5 19. Ng5 Nxe5 0-1

[Event "AUTO-INT-1084"]
[Site "http://www.queenalice.com/game.php?id=559451"]
[Date "2009.3.21"]
[Round "2"]
[White "Otsuaf"]
[Black "asaph"]
[Result "1-0"]
[WhiteElo "1970"]
[BlackElo "1783"]

1. d4 d5 2. c4 Be6 3. Nc3 g6 4. Qb3 Nc6 5. cxd5 Nxd4 6. Qa4+ Nc6 7. dxe6 fxe6 8.
Bf4 Bg7 9. Rd1 Bd4 10. e3 Bxc3+ 11. bxc3 Qc8 12. Bb5 Kf8 13. Bxc6 bxc6 14. Qxc6
Rb8 15. Nf3 Nf6 16. Bh6+ Kg8 17. Rd8+ Qxd8 18. Qxe6# 1-0

[Event "AUTO-INT-1084"]
[Site "http://www.queenalice.com/game.php?id=559452"]
[Date "2009.3.21"]
[Round "2"]
[White "asaph"]
[Black "Otsuaf"]
[Result "0-1"]
[WhiteElo "1857"]
[BlackElo "1998"]

1. e4 c5 2. Nf3 d6 3. Bb5+ Bd7 4. a4 Nc6 5. Bxc6 Bxc6 6. Nc3 Nf6 7. d3 g6 8. Bf4
Bg7 9. e5 Nh5 10. Qd2 Nxf4 11. Qxf4 Qb6 12. b3 Qa5 13. Qc4 d5 14. b4 cxb4 15.
Qf4 bxc3 16. e6 O-O 17. Qg4 f5 18. Qg5 Rf6 19. Nd4 Qb6 20. Qe3 f4 21. Qe5 Qxd4
0-1

[Event "AUTO-INT-1084"]
[Site "http://www.queenalice.com/game.php?id=559453"]
[Date "2009.3.21"]
[Round "2"]
[White "Otsuaf"]
[Black "lifelessons"]
[Result "1-0"]
[WhiteElo "1994"]
[BlackElo "1686"]

1. d4 d5 2. c4 c5 3. dxc5 Nf6 4. Nf3 e6 5. Nc3 Bxc5 6. e3 Nc6 7. Be2 O-O 8. O-O
a6 9. a3 d4 10. exd4 Nxd4 11. Bg5 h6 12. Bxf6 Qxf6 13. Ne4 Nxe2+ 14. Qxe2 Qf5
15. Nxc5 Qxc5 16. b4 Qc7 17. Rad1 Bd7 18. Rfe1 Rfd8 19. Qc2 Rac8 20. Ne5 Be8 21.
Rxd8 Rxd8 22. h3 Qd6 23. c5 Qd2 24. Qxd2 Rxd2 25. Nc4 Ra2 26. Rd1 Bc6 27. Rd3
Kf8 28. Rd8+ Ke7 29. Rc8 Kf6 30. Rc7 Ra1+ 31. Kh2 Ra2 32. Nd6 1-0

[Event "AUTO-INT-1084"]
[Site "http://www.queenalice.com/game.php?id=559454"]
[Date "2009.3.21"]
[Round "2"]
[White "lifelessons"]
[Black "Otsuaf"]
[Result "0-1"]
[WhiteElo "1960"]
[BlackElo "1979"]

1. e4 c5 2. Nf3 Nc6 3. Bc4 e6 4. O-O Nf6 5. e5 Ng4 6. d4 cxd4 7. Nxd4 Ngxe5 8.
Bb3 d5 9. f4 Ng6 10. c3 Bc5 11. Bc2 Qb6 12. Be3 Qxb2 13. Nd2 Qxc3 14. Rf3 Nxd4
15. Ba4+ b5 16. Rc1 Nxf3+ 17. Kh1 Qxe3 18. Bxb5+ Ke7 19. Nxf3 Nxf4 20. Qc2 Bd6
21. Bc6 Rb8 22. Re1 Qc5 23. Qa4 Qf2 24. Rg1 Rb1 25. Qxa7+ Qxa7 26. Rxb1 Qxa2 27.
Rg1 Bc5 28. Nh4 g5 29. Nf3 Bxg1 30. Ne1 Qf2 31. Bb5 Bb7 32. h4 d4 33. Ba6 Bxg2+
34. Nxg2 Qxg2# 0-1

[Event "Challenge"]
[Site "http://www.queenalice.com/game.php?id=559990"]
[Date "2009.3.22"]
[Round "-"]
[White "jnable"]
[Black "Otsuaf"]
[Result "1/2-1/2"]
[WhiteElo "2011"]
[BlackElo "1968"]

1. e4 c5 2. Nf3 d6 3. d4 cxd4 4. Nxd4 Nf6 5. Nc3 a6 6. Bg5 e6 7. Qd2 Be7 8.
O-O-O b5 9. f3 O-O 10. g4 Qc7 11. Kb1 Rd8 12. Be3 Bb7 13. Be2 b4 14. Na4 d5 15.
g5 Nfd7 16. exd5 Bxd5 17. b3 Nc6 18. Rhf1 Nxd4 19. Qxd4 Rac8 20. Bd3 Bc6 21. Qh4
g6 22. Nb2 Bb5 23. Bd4 Bxd3 24. cxd3 Nc5 25. Bf6 Nxb3 26. axb3 Qc2+ 27. Ka1 Rd5
28. Rc1 Ra5+ 29. Na4 Bxf6+ 30. gxf6 Rxa4+ 31. bxa4 Qxa4+ 1/2-1/2

[Event "Challenge"]
[Site "http://www.queenalice.com/game.php?id=580399"]
[Date "2009.4.30"]
[Round "-"]
[White "Otsuaf"]
[Black "benjobench"]
[Result "1-0"]
[WhiteElo "2036"]
[BlackElo "1963"]

1. d4 d5 2. Nf3 c6 3. Nbd2 Bf5 4. Nh4 Bg6 5. Nxg6 hxg6 6. e4 e6 7. h3 a6 8. c3
Nd7 9. Bd3 Ngf6 10. e5 Ng8 11. Nf3 Qc7 12. Be3 c5 13. Rc1 Ne7 14. Qd2 Nf5 15.
Bg5 Qb6 16. dxc5 Nxc5 17. Bb1 Qc7 18. c4 Qd7 19. cxd5 Qxd5 20. Qxd5 exd5 21. Ke2
Ne6 22. Rhd1 Be7 23. Be3 Rd8 24. Bb6 Ra8 25. a3 Nh4 26. Nxh4 Rxh4 27. Ba2 Re4+
28. Kf1 Rxe5 29. Bxd5 Bg5 30. Rc2 Nd8 31. b4 Kf8 32. Rc7 Re8 33. Rd7 Rb8 34.
Bxd8 Rbxd8 35. Rxf7+ Kg8 36. Rf5+ Rxd5 37. Rfxd5 Bf6 38. Rd7 Bb2 39. Rxb7 Re6
40. a4 Bc3 41. b5 axb5 42. axb5 g5 43. b6 Ba5 44. Rb8+ Kf7 45. b7 Re7 46. Rf8+
Kxf8 47. b8=Q+ Kf7 48. Qb5 Bc7 49. Rd7 Bf4 50. Qd5+ Kf6 51. Rxe7 Kxe7 52. Ke2
Kf6 53. Kf3 Be5 54. Qd7 Kg6 55. Kg4 Bf6 56. Qe8+ Kh6 57. Qh5# 1-0

[Event "Let's Play Chess!"]
[Site "http://www.queenalice.com/game.php?id=609638"]
[Date "2009.6.27"]
[Round "-"]
[White "Otsuaf"]
[Black "pgrzelak"]
[Result "1-0"]
[WhiteElo "2008"]
[BlackElo "1900"]

1. d4 d5 2. c4 c6 3. Nf3 Bg4 4. Ne5 Nf6 5. Nxg4 e6 6. Nxf6+ Qxf6 7. e3 Nd7 8.
cxd5 cxd5 9. Bb5 Rd8 10. Nc3 Bb4 11. Qa4 Bxc3+ 12. bxc3 a6 13. Bxd7+ Rxd7 14.
Ba3 e5 15. O-O b5 16. dxe5 Qxe5 17. Qxa6 Qxc3 18. Rfc1 Qe5 19. Rc8+ 1-0

[Event "Let's Play Chess!"]
[Site "http://www.queenalice.com/game.php?id=609639"]
[Date "2009.6.27"]
[Round "-"]
[White "rocha"]
[Black "Otsuaf"]
[Result "0-1"]
[WhiteElo "1553"]
[BlackElo "2020"]

1. a3 d5 2. d4 Nf6 3. f3 Nc6 4. c3 e5 5. e3 Bd6 6. h3 exd4 7. exd4 O-O 8. Ne2
Re8 9. Ra2 Bf5 10. Nd2 Bg3# 0-1

[Event "Desafio #1"]
[Site "http://www.queenalice.com/game.php?id=610180"]
[Date "2009.6.28"]
[Round "-"]
[White "Aylton"]
[Black "Otsuaf"]
[Result "1/2-1/2"]
[WhiteElo "2045"]
[BlackElo "2049"]

1. d4 Nf6 2. Nf3 e6 3. c4 Bb4+ 4. Nbd2 d5 5. e3 O-O 6. a3 Be7 7. Be2 Nbd7 8. O-O
c6 9. h3 b6 10. b4 Bb7 11. Bb2 c5 12. cxd5 Nxd5 13. dxc5 bxc5 14. b5 Bf6 15.
Bxf6 Qxf6 16. Qb3 Nc3 17. Bc4 Rfd8 18. Rfc1 Ne4 19. Nxe4 Bxe4 20. Be2 Rac8 21.
a4 Bd5 22. Qc3 e5 23. Rd1 e4 24. Qxf6 Nxf6 25. Ne5 Kf8 26. Nc4 Ke7 27. Rdb1 Nd7
28. a5 Rb8 29. f3 Bxc4 30. Bxc4 Ne5 31. Be2 exf3 32. gxf3 Rd6 33. f4 Nd7 34. Kf2
f5 35. Rb2 Rc8 36. Rab1 c4 37. b6 axb6 38. axb6 Rb8 39. Bxc4 Rbxb6 40. Rxb6 Rxb6
41. Rxb6 Nxb6 42. Bd3 Kf6 43. Kf3 Nd7 44. Bb5 1/2-1/2

[Event "Desafio #2"]
[Site "http://www.queenalice.com/game.php?id=610181"]
[Date "2009.6.28"]
[Round "-"]
[White "Otsuaf"]
[Black "Aylton"]
[Result "1-0"]
[WhiteElo "2022"]
[BlackElo "1966"]

1. d4 Nf6 2. c4 e6 3. Nc3 d5 4. Bg5 Nbd7 5. e3 h6 6. Bf4 c6 7. Nf3 Qa5 8. Nd2
Bb4 9. Qc2 dxc4 10. Nxc4 Bxc3+ 11. bxc3 Qd8 12. Nd6+ Kf8 13. Bd3 Nb6 14. Rb1 Nh5
15. Nxf7 Kxf7 16. Bg6+ Kf8 17. Bxh5 Nd5 18. Qg6 Qd7 19. Be5 Kg8 20. h4 Nxc3 21.
Rh3 Nxb1 22. Rf3 Qe7 23. Bd6 Qxd6 24. Qf7+ 1-0

[Event "Challenge"]
[Site "http://www.queenalice.com/game.php?id=681063"]
[Date "2009.11.11"]
[Round "-"]
[White "luciopac"]
[Black "Otsuaf"]
[Result "1-0"]
[WhiteElo "2189"]
[BlackElo "1996"]

1. e4 c5 2. Nf3 d6 3. d4 cxd4 4. Nxd4 Nf6 5. Nc3 a6 6. Bd3 e6 7. Be3 Be7 8. O-O
Qc7 9. f4 b5 10. a3 Nbd7 11. Qf3 Bb7 12. g4 1-0

[Event "Let's Play Chess!"]
[Site "http://www.queenalice.com/game.php?id=681064"]
[Date "2009.11.11"]
[Round "-"]
[White "Otsuaf"]
[Black "Jorgecas"]
[Result "0-1"]
[WhiteElo "2026"]
[BlackElo "1631"]

1. d4 d5 2. c4 Nf6 3. g3 e6 4. Bg2 dxc4 5. Nf3 c6 6. O-O Ng4 7. Qc2 b6 8. Qxc4
Ba6 9. Qc2 Bd6 10. Nc3 c5 11. dxc5 bxc5 12. Re1 O-O 0-1